[Event "Online Olym Div3 A"]
[Site "Chess.com INT"]
[Date "2020.08.07"]
[Round "2.4"]
[White "Manar, Khalil"]
[Black "Hoshino, Meilin"]
[Result "1-0"]
[WhiteElo "1793"]
[BlackElo "1591"]
[PlyCount "75"]
[EventDate "2020.08.07"]
[EventType "team-tourn (rapid)"]
[EventRounds "9"]
[EventCountry "USA"]
[SourceTitle "CBM 198"]
[Source "ChessBase"]
[SourceDate "2020.10.31"]
[SourceVersion "1"]
[SourceVersionDate "2020.10.31"]
[SourceQuality "1"]
[WhiteTeam "Syria"]
[BlackTeam "Japan"]
[WhiteTeamCountry "SYR"]
[BlackTeamCountry "JPN"]

1. e4 c5 2. Nf3 g6 3. d4 cxd4 4. Nxd4 Nc6 5. Nxc6 bxc6 6. Bc4 Bg7 7. Qf3 e6 8. 0-0 Ne7 9. Nc3 0-0 10. Bg5 Re8 11. Rfe1 Qc7 12. Bf6 d5 13. exd5 cxd5 14. Bxd5 Nxd5 15. Nxd5 Qb7 16. Bxg7 Kxg7 17. Qc3+ e5 18. Nc7 Bf5 19. Nxa8 Qxa8 20. Rxe5 Rxe5 21. Qxe5+ Kg8 22. Re1 Bxc2 23. Qe8+ Qxe8 24. Rxe8+ Kg7 25. Ra8 Bb1 26. a4 Bc2 27. Rxa7 Kf6 28. b4 Bb3 29. b5 Ke6 30. a5 Kd6 31. b6 Bd5 32. Rc7 h5 33. f3 g5 34. a6 h4 35. Rc3 Bc6 36. Rd3+ Kc5 37. b7 Bxb7 38. axb7 1-0

[Event "Online Olym Div4 B"]
[Site "Chess.com INT"]
[Date "2020.08.01"]
[Round "5.4"]
[White "Manar, Khalil"]
[Black "Mehak, Gul"]
[Result "1-0"]
[WhiteElo "1793"]
[BlackElo "1533"]
[PlyCount "39"]
[EventDate "2020.07.31"]
[EventType "team-tourn (rapid)"]
[EventRounds "9"]
[EventCountry "USA"]
[SourceTitle "CBM 198"]
[Source "ChessBase"]
[SourceDate "2020.10.31"]
[SourceVersion "1"]
[SourceVersionDate "2020.10.31"]
[SourceQuality "1"]
[WhiteTeam "Syria"]
[BlackTeam "Pakistan"]
[WhiteTeamCountry "SYR"]
[BlackTeamCountry "PAK"]

1. e4 c5 2. Nf3 e6 3. d4 cxd4 4. Nxd4 a6 5. c4 Qc7 6. Nc3 Nf6 7. Bd3 Bc5 8. Nf3 Nc6 9. 0-0 0-0 10. a3 Ne5 11. Nxe5 Qxe5 12. Kh1 Bd4 13. f4 Qc7 14. e5 Ne8 15. Bxh7+ Kxh7 16. Qxd4 d6 17. Ne4 dxe5 18. fxe5 Bd7 19. Ng5+ Kg8 20. Qh4 1-0

[Event "Baghdad op 5th"]
[Site "Baghdad"]
[Date "2017.03.19"]
[Round "6"]
[White "Barsov, Alexei"]
[Black "Manar, Khalil"]
[Result "1-0"]
[WhiteElo "2441"]
[BlackElo "1851"]
[PlyCount "85"]
[EventDate "2017.03.16"]
[EventType "swiss"]
[EventRounds "9"]
[EventCountry "IRQ"]
[SourceTitle "CBM 177 Extra"]
[Source "ChessBase"]
[SourceDate "2017.04.27"]
[SourceVersion "1"]
[SourceVersionDate "2017.04.27"]
[SourceQuality "1"]

1. d4 d5 2. c4 c6 3. cxd5 cxd5 4. Bf4 Nf6 5. Nc3 a6 6. e3 Nc6 7. Be2 Bf5 8. Nf3 e6 9. Qb3 Bd6 10. Bxd6 Qxd6 11. Qxb7 0-0 12. Qb3 Nb4 13. 0-0 Nc2 14. Rab1 Rab8 15. Qa4 Rfc8 16. Qa5 Nxe3 17. fxe3 Bxb1 18. Rxb1 Qb4 19. Qxb4 Rxb4 20. a3 Rbb8 21. Nd2 Rc6 22. Kf2 g5 23. Ke1 Ne8 24. Na4 f6 25. Nc5 a5 26. a4 Kf7 27. Bb5 Rd6 28. Ndb3 Nc7 29. Bd3 Rdb6 30. Bc2 Ke7 31. Kd2 Na6 32. Nxa6 Rxa6 33. Nc5 Rab6 34. Kc3 Kd6 35. Bd3 e5 36. Rf1 Ke7 37. Bb5 Rd6 38. Nb3 Ra8 39. dxe5 fxe5 40. Rf5 d4+ 41. exd4 exd4+ 42. Nxd4 Rc8+ 43. Bc4 1-0

[Event "Baghdad op 5th"]
[Site "Baghdad"]
[Date "2017.03.17"]
[Round "3"]
[White "Manar, Khalil"]
[Black "Taleb, Salem Hatam"]
[Result "1/2-1/2"]
[WhiteElo "1851"]
[BlackElo "2076"]
[PlyCount "84"]
[EventDate "2017.03.16"]
[EventType "swiss"]
[EventRounds "9"]
[EventCountry "IRQ"]
[SourceTitle "CBM 177 Extra"]
[Source "ChessBase"]
[SourceDate "2017.04.27"]
[SourceVersion "1"]
[SourceVersionDate "2017.04.27"]
[SourceQuality "1"]

1. e4 c5 2. Nf3 a6 3. d4 cxd4 4. Nxd4 Nf6 5. Nc3 e5 6. Nf3 Nc6 7. Be2 Bb4 8. Bg5 Bxc3+ 9. bxc3 Qa5 10. Bd3 Qxc3+ 11. Bd2 Qc5 12. 0-0 0-0 13. Rb1 h6 14. Be3 Qe7 15. h3 d5 16. exd5 Nxd5 17. Bd2 Rd8 18. Re1 Qf6 19. Qe2 b5 20. Nxe5 Re8 21. Ng4 Rxe2 22. Nxf6+ Nxf6 23. Rxe2 Be6 24. a3 Rd8 25. f4 Nd4 26. Rf2 Rc8 27. f5 Bc4 28. Be3 Bxd3 29. cxd3 Rd8 30. Kf1 Nc6 31. Rd2 Nd5 32. Bc5 Ne5 33. Re1 f6 34. d4 Nf4 35. Rdd1 Nc4 36. Re4 Nd5 37. Rd3 a5 38. Kf2 b4 39. axb4 axb4 40. Re1 Ra8 41. Rb3 Ra4 42. Re8+ Kh7 1/2-1/2